Statistics for Car Brands by Picture #2

Click here to take the quiz!

General Stats

  • This quiz has been taken 88 times
    (72 since last reset)
  • The average score is 9 of 12

Answer Stats

Answer% Correct
Nissan
97%
Kia
94%
Toyota
89%
Rolls Royce
87%
McLaren
86%
Aston Martin
79%
Dodge
79%
Cadillac
70%
Jaguar
67%
Lotus
49%
Holden
33%
Lucid
22%

Score Distribution

Percentile by Number Answered

Percent of People with Each Score

Your Score History

You have not taken this quiz since the last reset